000 00644nam a22001937a 4500
005 20150116143655.0
008 150116b2006 ck |||||r|||| 00| 0 spa d
040 _aCO-BoIAVH
_cCO-BoIAVH
041 _aspa
044 _ack
090 _aEA
_b00270
245 _aAcción Medio Ambiental:
_bÓrgano de difusión del convenio Vivero Regional Sabanas de San Ángel
260 _aSanta Marta :
_bCorporación Autónoma Regional del Magdalena-CORPAMAG,
_c2006.
300 _a12 pag
_bFot (col)
_c21 cm.
650 _aViveros
_x Horticultura
_931723
650 6 _aLombricultura
_919460
650 _aFertilizantes orgánicos
_931724
942 _2z
_cLIBRO
999 _c9003
_d9003